L'enseignement de l'histoire / (Record no. 187521)

MARC details
000 -LEADER
campo de control de longitud fija 00770nam a2200205 i 4500
001 - NÚMERO DE CONTROL
campo de control 187521
003 - IDENTIFICADOR DE NÚMERO DE CONTROL
campo de control ES-MaACL
005 - FECHA Y HORA DE LA ÚLTIMA TRANSACCIÓN
campo de control 20230906222941.0
008 - DATOS DE LONGITUD FIJA--INFORMACIÓN GENERAL
campo de control de longitud fija 171024s1907 fr |||| | fre d
245 02 - MENCIÓN DEL TÍTULO
Título L'enseignement de l'histoire /
Mención de responsabilidad, etc. par Ch. Seignobos, Ch.-V. Langlois, L. Gallouédec... [et al.].
260 ## - PUBLICACIÓN, DISTRIBUCIÓN, ETC.
Lugar de publicación, distribución, etc. Paris :
Nombre del editor, distribuidor, etc. Musée Pédagogique,
Fecha de publicación, distribución, etc. 1907.
300 ## - DESCRIPCIÓN FÍSICA
Extensión 185 p. ;
Dimensiones 20 cm.
490 1# - MENCIÓN DE SERIE
Mención de serie Publications du Musée Pédagogique ;
Designación de volumen o secuencia Nouvelle série 12
650 #4 - PUNTO DE ACCESO ADICIONAL DE MATERIA--TÉRMINO DE MATERIA
Término de materia o nombre geográfico como elemento de entrada Historia-
Subdivisión general Enseñanza-
Subdivisión geográfica Francia.
9 (RLIN) 163756
700 1# - ENTRADA AGREGADA--NOMBRE PERSONAL
Nombre de persona Seignobos, Charles (
Fechas asociadas al nombre 1854-1942)
9 (RLIN) 105259
710 2# - ENTRADA AGREGADA--NOMBRE DE ENTIDAD CORPORATIVA
Nombre de entidad corporativa o nombre de jurisdicción como elemento de entrada Musée Pédagogique (Paris)
9 (RLIN) 163741
830 0# - PUNTO DE ACCESO ADICIONAL DE SERIE-TÍTULO UNIFORME
Título uniforme Publications du Musée Pédagogique ;
Designación de volumen o secuencia Nouvelle série 12
9 (RLIN) 192794
852 ## - LOCALIZACIÓN
Ubicación ES-MaACL
Número de control de estantería F-5980(1)
Holdings
Estatus retirado Estado de pérdida Estado de daño No para préstamo Biblioteca de origen Biblioteca actual Ubicación en estantería Fecha de adquisición Fuente de adquisición Total de préstamos Signatura topográfica completa Código de barras Visto por última vez Precio de reemplazo Tipo de ítem Koha
        Biblioteca del Ateneo de Madrid Biblioteca del Ateneo de Madrid Depósito 2 24/10/2017     F-5980(1) 1198044 23/02/2023 23/02/2023 Libro impreso